<?xml version="1.0" encoding="UTF-8"?>
<marc:record xmlns:marc="http://www.loc.gov/MARC21/slim">
   <marc:leader>00000nam a2200000 a 4500</marc:leader>
   <marc:datafield ind1="1" ind2=" " tag="100">
      <marc:subfield code="a">Slaughter, Karin</marc:subfield>
      <marc:subfield code="4">aut</marc:subfield>
      <marc:subfield code="e">Verfasser/-in</marc:subfield>
   </marc:datafield>
   <marc:datafield ind1=" " ind2=" " tag="653">
      <marc:subfield code="a">Kind</marc:subfield>
   </marc:datafield>
   <marc:datafield ind1=" " ind2=" " tag="653">
      <marc:subfield code="a">Krimis, Thriller, Spionage</marc:subfield>
   </marc:datafield>
   <marc:datafield ind1=" " ind2=" " tag="653">
      <marc:subfield code="a">Fiktionale Darstellung</marc:subfield>
   </marc:datafield>
   <marc:datafield ind1=" " ind2=" " tag="653">
      <marc:subfield code="a">Schwestern</marc:subfield>
   </marc:datafield>
   <marc:datafield ind1=" " ind2=" " tag="653">
      <marc:subfield code="a">Vergewaltigung</marc:subfield>
   </marc:datafield>
   <marc:datafield ind1="0" ind2="0" tag="245">
      <marc:subfield code="a">Die falsche Zeugin</marc:subfield>
   </marc:datafield>
   <marc:datafield ind1="0" ind2="0" tag="245">
      <marc:subfield code="b">Thriller</marc:subfield>
   </marc:datafield>
   <marc:datafield ind1=" " ind2="1" tag="264">
      <marc:subfield code="b">HarperCollins</marc:subfield>
      <marc:subfield code="c">2021</marc:subfield>
   </marc:datafield>
   <marc:datafield ind1="1" ind2=" " tag="520">
      <marc:subfield code="a">Anwältin Leigh musste schon immer härter kämpfen als andere. Denn ihre Kindheit war geprägt von Gewalt und wurde vor Jahrzehnten durch ein brutales Verbrechen abrupt beendet. Seitdem sucht sie Schutz hinter der unauffälligen Fassade ihres gutbürgerlichen Lebens. Bis sie den Auftrag bekommt, die Verteidigung eines mutmaßlichen Vergewaltigers zu übernehmen. Der Fall könnte Leighs Karriere einen mächtigen Schub verpassen. Doch als sie dem Angeklagten gegenübersteht, wird ihr klar, warum er ausgerechnet sie als seine Anwältin auserkoren hat. Sie kennt ihn. Und er kennt sie. Und er weiß genau, wovor Leigh seit zwanzig Jahren davonläuft.</marc:subfield>
   </marc:datafield>
   <marc:datafield ind1=" " ind2=" " tag="020">
      <marc:subfield code="a">9783749902194</marc:subfield>
      <marc:subfield code="9">9783749902194</marc:subfield>
   </marc:datafield>
</marc:record>
